000 00595nam a2200181 a 4500
001 000028116
005 20200930031349.0
008 110406s2008 dr a 000 p spa d
020 _a978-9945035018
040 _aDO-SdBNP
_bspa
_cBNPHU
082 _axxx
_bS687v
100 1 _aSolís Medina, Jesús María
_955123
245 1 0 _aVeinte poemas de amor y un cuento /
_cJesús María Solís Medina.
260 _aSanto Domingo :
_b[s. n.],
_c2008.
_fFotografías Vista Alegre
300 _av. :
_bil. ;
_c27 cm.
590 _aLa biblioteca posee un ejemplar autografiado por el autor
049 _aBNPD
999 _c27608
_d27608